[Event "AUT-ch U10 Girls"]
[Site "St Kanzian"]
[Date "2017.06.17"]
[Round "5.1"]
[White "Katter, Marlene"]
[Black "Sobota, Viktoria"]
[Result "1-0"]
[WhiteElo "1275"]
[BlackElo "1018"]
[PlyCount "65"]
[EventDate "2017.06.16"]
[EventType "swiss"]
[EventRounds "7"]
[EventCountry "AUT"]
[SourceTitle "EXT 2024"]
[Source "ChessBase"]
[SourceDate "2023.10.10"]
[SourceVersion "1"]
[SourceVersionDate "2023.10.10"]
[SourceQuality "1"]

1. d4 d5 2. Nf3 Nc6 3. Bf4 Bf5 4. e3 a6 5. c3 h6 6. Bd3 Bxd3 7. Qxd3 Nf6 8. Nbd2 e6 9. Ne5 Nxe5 10. Bxe5 Bd6 11. Nf3 0-0 12. 0-0 Ng4 13. Bg3 Bxg3 14. hxg3 Qf6 15. e4 Rad8 16. e5 Qf5 17. Qxf5 exf5 18. Rfe1 Rfe8 19. Nh4 g6 20. f3 f6 21. fxg4 fxe5 22. Rxe5 Kg7 23. gxf5 Kf6 24. Rxe8 Rxe8 25. fxg6 h5 26. Rf1+ Kg7 27. Rf7+ Kh6 28. Rh7+ Kg5 29. g7 Re1+ 30. Kh2 Re8 31. Rh8 Rxh8 32. gxh8Q Kg4 33. Qg8# 1-0

[Event "AUT-ch U10 Girls"]
[Site "St Kanzian"]
[Date "2017.06.16"]
[Round "3.4"]
[White "Fabian, Julia"]
[Black "Sobota, Viktoria"]
[Result "0-1"]
[WhiteElo "813"]
[BlackElo "1018"]
[PlyCount "50"]
[EventDate "2017.06.16"]
[EventType "swiss"]
[EventRounds "7"]
[EventCountry "AUT"]
[SourceTitle "EXT 2024"]
[Source "ChessBase"]
[SourceDate "2023.10.10"]
[SourceVersion "1"]
[SourceVersionDate "2023.10.10"]
[SourceQuality "1"]

1. e4 e5 2. Nf3 Nc6 3. Nc3 Bc5 4. Bc4 d6 5. d3 h6 6. h3 Nf6 7. 0-0 0-0 8. Ng5 hxg5 9. Bxg5 Re8 10. Nd5 Kf8 11. Bxf6 gxf6 12. Nxf6 Qxf6 13. Qh5 Nd4 14. Bb5 Nxb5 15. Rfe1 Qg6 16. Qh8+ Ke7 17. Qh4+ Qf6 18. Qg3 Bxf2+ 19. Qxf2 Qxf2+ 20. Kxf2 Nd4 21. Re3 Nxc2 22. Rc1 Nxe3 23. Rxc7+ Kf8 24. Rxf7+ Kxf7 25. Kxe3 Rg8 0-1

[Event "AUT-ch U10 Girls"]
[Site "St Veit"]
[Date "2016.05.28"]
[Round "6.3"]
[White "Sobota, Viktoria"]
[Black "Wolf, Elena"]
[Result "1-0"]
[WhiteElo "922"]
[BlackElo "800"]
[PlyCount "41"]
[EventDate "2016.05.27"]
[EventType "swiss"]
[EventRounds "7"]
[EventCountry "AUT"]
[SourceTitle "EXT 2024"]
[Source "ChessBase"]
[SourceDate "2023.10.10"]
[SourceVersion "1"]
[SourceVersionDate "2023.10.10"]
[SourceQuality "1"]

1. e4 e5 2. Nf3 Nc6 3. Nc3 Nf6 4. Bc4 Bb4 5. a3 Bxc3 6. bxc3 Nxe4 7. Qe2 d5 8. Bd3 Nf6 9. Nxe5 Nxe5 10. Qxe5+ Be6 11. Qg5 Qe7 12. 0-0 Bg4 13. Bb2 Qd8 14. h3 Qd7 15. Qxg7 Rg8 16. Qxf6 Bxh3 17. Rfe1+ Kf8 18. Qh6+ Rg7 19. Bxh7 Bxg2 20. c4 Bh3+ 21. Qxg7# 1-0

[Event "AUT-ch U10 Girls"]
[Site "St Veit"]
[Date "2016.05.27"]
[Round "2.2"]
[White "Sobota, Viktoria"]
[Black "Katter, Marlene"]
[Result "0-1"]
[WhiteElo "922"]
[BlackElo "1235"]
[PlyCount "70"]
[EventDate "2016.05.27"]
[EventType "swiss"]
[EventRounds "7"]
[EventCountry "AUT"]
[SourceTitle "EXT 2024"]
[Source "ChessBase"]
[SourceDate "2023.10.10"]
[SourceVersion "1"]
[SourceVersionDate "2023.10.10"]
[SourceQuality "1"]

1. e4 e5 2. Nc3 Nf6 3. Nf3 Nc6 4. Ng5 h6 5. Nf3 Bc5 6. Bc4 d6 7. 0-0 Bg4 8. h3 Bh5 9. Nd5 Nd4 10. Be2 Ne6 11. d3 Bg6 12. Ne3 0-0 13. Nf5 Bxf5 14. exf5 Nd4 15. Re1 Nxf5 16. c3 e4 17. Nd2 e3 18. d4 exd2 19. Qxd2 Bb6 20. Qf4 Ne7 21. Qg3 Qd7 22. Bxh6 Nf5 23. Qf4 Nxh6 24. Qg5 Qf5 25. Qe3 Rfe8 26. Qd2 Ne4 27. Qd3 Qxf2+ 28. Kh1 Ng3+ 29. Kh2 Nxe2 30. Rf1 Nf4 31. Rxf2 Nxd3 32. Rf3 Nxb2 33. Raf1 Nc4 34. Rf4 Re3 35. d5 Rxc3 0-1